00480 2200181 4500001002100000005001500021008004100036020001800077035001900095041000700114082001100121090001700132100002400149245006000173260003000233300002000263650001500283INLIS00000000001148020241224114204241224||||||||| | ||| |||| || |  a602-1639-33-2 0010-1224011480 aid0 a168.24 a168.24 EVA r0 aEwa Molika Sitompul00aRagam Kesalahan Tanpa Sadar Orang Tua Ketika Melahirkan aJakartabArena Kidsc2014 a144hlm,;15x23cm 0apersalinan